000 02473nam0a2200457 4500
001 RU\NLR\bibl\1432972
005 20260405190323.0
010 _a978-5-9747-0147-4
_bв пер.
_9500
021 _aRU
_b2009-71851
_94461
035 _a(nilc)RSL-KNO-004381066
035 _a(NLR Aleph) 001424875
090 _a1365803
_c1365803
100 _a20090914d2009 |||y0rusy50 ca
101 0 _arus
_deng
102 _aRU
105 _aa |||||||||
200 1 _aАлюминийорганические соединения в органическом синтезе
_dOrganoaluminum compounds in organic synthesis
_fГ. А. Толстиков, У. М. Джемилев, А. Г. Толстиков
_gотв. ред. акад. Ю. Н. Бубнов
_gРоссийская акад. наук, Ин-т нефтехимии и катализа, Сибирское отд-ние, Ин-т катализа им. Г. К. Борескова
_zeng
210 _aНовосибирск
_cГео
_d2009
215 _a644, [2] с.
_cил., портр.
_d26
300 _aАвт. также на англ. яз.: G.A. Tolstikov, U.M. Dzemilev, A.G. Tolstikov
300 _aВ конце кн. авт.: Г. А. Толстиков, акад. Рос. акад. наук, д.х.н., У. М. Джемилев, д.х.н., проф., А. Г. Толстиков, д.х.н., проф., чл.-кор. РАН
300 _aРез. на англ. яз.
320 _aБиблиогр. в конце гл.
510 0 _6z73790
_aOrganoaluminum compounds in organic synthesis
_zeng
606 1 _aАлюминийорганические соединения
_xПрименение в органическом синтезе
_92581000
_3RU\NLR\auth\661525790
686 _aГ273.2,0
_2rubbk
686 _aГ222.1,0
_2rubbk
686 _aГ221.2,0
_2rubbk
686 _aГ220
700 1 _4070
_8rus
_7ca
_aТолстиков
_bГ. А.
_f1933-2013
_gГенрих Александрович
_3RU\NLR\AUTH\7782486
_965414
701 1 _aДжемилев
_bУ.М.
_f1946-
_gУсеин Меметович
_4070
701 1 _aТолстиков
_bА. Г.
_gАлександр Генрихович
_4070
790 1 _4070
_8rus
_7ba
_aTolstikov
_bG. A.
_f1933-2013
_gGenrich Aleksandrovič
_3RU\NLR\auth\7782483
_965411
801 0 _aRU
_bРКП
_c20090914
_grcr
801 1 _aRU
_bРГБ
_c20090914
801 2 _aRU
_bNLR
_c20091102
_grcr
830 _aпо кн
942 _cBOOK
980 _aNB